Introducción a la moderna antropología cultural
সংরক্ষণ করুন:
| প্রধান লেখক: | |
|---|---|
| বিন্যাস: | গ্রন্থ |
| ভাষা: | স্প্যানিশ |
| প্রকাশিত: |
Ciudad de México
Fondo de Cultura Económica
1977
|
| মালা: | Sección de obras de antropología
|
| বিষয়গুলি: | |
| ট্যাগগুলো: |
ট্যাগ যুক্ত করুন
কোনো ট্যাগ নেই, প্রথমজন হিসাবে ট্যাগ করুন!
|
MARC
| LEADER | 00000nam a2200000 a 4500 | ||
|---|---|---|---|
| 001 | UCW5256 | ||
| 003 | CL-VaPUC | ||
| 008 | 910314e19770000MX |||||||||||||||||spa|d | ||
| 082 | 0 | 4 | |a 306 |b BOC |2 21 |
| 100 | 0 | |a Bock, Philip K |e author |9 310154 | |
| 245 | 1 | 0 | |a Introducción a la moderna antropología cultural |
| 300 | |a 584 p | ||
| 942 | |c BK | ||
| 945 | |d 19910314 00:00:00 | ||
| 260 | |a Ciudad de México |b Fondo de Cultura Económica |c 1977 | ||
| 650 | 0 | |a Etnología |9 258726 | |
| 650 | 0 | |a Antropología cultural y social |9 265143 | |
| 583 | |a last modification |c 19910314 00:00:00 |k Rodrigo Vera | ||
| 490 | 0 | |a Sección de obras de antropología | |
| 999 | |c 218733 |d 218731 | ||
| 952 | |0 0 |1 0 |4 0 |6 306_000000000000000_BOC_1977 |7 0 |8 P |9 208780 |a BIBEDU |b BIBEDU |c BIBEDU_PB |d 2019-11-15 |i 2766019 |o 306 BOC 1977 |p 2766019 |r 2024-01-25 |w 2019-11-15 |y BK |k EDU | ||